• 首页
  • 本馆介绍
  • 公告通知
  • 最新文献
  • 馆藏检索
  • 电子资源
  • 读者导购
  • 参考咨询
  • 我的图书馆
  • 登录
  • 详细信息显示
  • 放入我的书架
  • 预约/预借图书
  • 作者相关作品
  • 分类相关作品
  • 丛书相关作品
  • 出版社相关作品

书目信息

  • 表格格式
  • 工作单格式
  • 卡片格式
题名:
煤炭能源工业生态学
    
 
作者: 王灵梅 著
分册:  
出版信息: 北京   化学工业出版社  2006
页数: 213页
开本: 21cm
丛书名:
单 册:
中图分类: TD82
科图分类:
主题词: 煤炭工业--生态学--研究
电子资源:
ISBN: 7-5025-8721-7
000 00838nam0 2200253 450
001 012004054349
005 20070720105000.14
009 012004054349
010    @a7-5025-8721-7@dCNY22.00
035    @a(110017)062002053317
100    @a20060718d2006 em y0chiy0110 ea
101 0  @achi
102    @aCN@b110000
105    @aa z 000yy
106    @ar
200 1  @a煤炭能源工业生态学@Amei tan neng yuan gong ye sheng tai xue@f王灵梅著@Fwang ling mei zhu
210    @a北京@c化学工业出版社@d2006
215    @a213页@c图@d21cm
330    @a本书内容包括煤炭资源的状况、战略地位及利用现状,煤炭能源工业生态学的理论基础,煤炭能源工业生态学理论方法,以煤炭利用企业为核心的生态工业园。
606 0  @a煤炭工业@x生态学@x研究
690    @aTD82@v4
701  0 @a王灵梅@Awang ling mei@4著
801  0 @aCN@b110017@c20070720
905    @dTD82@e18@f4
    
    煤炭能源工业生态学/王灵梅著.-北京:化学工业出版社,2006
    213页:图;21cm
    
    
    ISBN 7-5025-8721-7:CNY22.00
    本书内容包括煤炭资源的状况、战略地位及利用现状,煤炭能源工业生态学的理论基础,煤炭能源工业生态学理论方法,以煤炭利用企业为核心的生态工业园。
●
相关链接 在E读中查询图书 在五车中查询图书 在当当中查询图书 在豆瓣中查询图书


正题名:煤炭能源工业生态学     索取号:TD82/18         预约/预借

序号 登录号 条形码 馆藏地/架位号 状态 备注
1 0850413   208504135   第二样本阅览室/ [索取号:TD82/18] 在馆    
2 0850414   208504144   第三借阅区/ [索取号:TD82/18] 在馆    
3 0850415   208504153   第三借阅区/ [索取号:TD82/18] 在馆    
4 0850416   208504162   第三借阅区/ [索取号:TD82/18] 在馆    
唐山师范学院图书馆 欢迎您!
大连网信软件有限公司© 版权所有